| 000 | 00784nam a2200205Ia 4500 | ||
|---|---|---|---|
| 008 | 150610s9999 xx 000 0 und d | ||
| 020 | _a9780439129601 | ||
| 050 |
_aPR6068 _b.O93 H37b v.4 |
||
| 100 | _aRowling, J.K. | ||
| 245 |
_aHarry Potter and the goblet of fire / _cby J.K. Rowling ; illustrations by Mary GrandPre. |
||
| 260 |
_aNew York : _bScholastic, _c2000. |
||
| 300 |
_a734pages : _billustrations ; _c20 cm. |
||
| 440 |
_aHarry Potter ; bk. 4 _vv. 4 |
||
| 504 | _aSequel to Harry Potter and the prisoner of Azkaban. | ||
| 520 | _aJuvenile fiction. | ||
| 650 |
_aEngland _bJuvenile fiction. |
||
| 650 |
_aHogwarts school of witchcraft and wizardry (Imaginary place) _xJuvenile fiction. |
||
| 650 |
_aMagic _xJuvenile fiction |
||
| 650 |
_aSchools _bJuvenile fiction. |
||
| 999 |
_c287927 _d287927 |
||